| 000 | 00902nam a2200217Ia 4500 | ||
|---|---|---|---|
| 001 | 7950 | ||
| 003 | GE_BSU | ||
| 008 | 181216s||||||||xx |||||||||||||| ||und|| | ||
| 040 | _cGE_BSU | ||
| 080 | _a621.38(031) | ||
| 245 | _aКвантовая электроника=маленькие энциклопедии: история, наука, техника, культура, жизнь. | ||
| 245 | _cОтв. ред.М.Е.Жаботинский. | ||
| 260 | _aМосква | ||
| 260 | _bСоветскаяЭ энциклопедия. | ||
| 260 | _c1969. | ||
| 300 | _a432стр. с илл. 22см. | ||
| 653 | _aКвантовая электроника=маленькие энциклопедии: история, наука, техника, культура, жизнь. | ||
| 653 | _aკვანტური ელექტრონიკა | ||
| 653 | _aტექნიკა | ||
| 942 | _cBK | ||
| 999 |
_c41293 _d41293 |
||